000
00338nam a2200157Ia 4500
003
OSt
005
20231211070514.0
008
170524s9999 xx 000 0 und d
020
_a
81-7648-103-3
040
_c
iimt
100
_a
Sagar Singh
245
0
_a
Studies in tourism
260
_b
A.P.H. Pub.
260
_c
1994
942
_2
ddc
_c
02
999
_c
6760
_d
6760